| 000 | 00796nam a2200229Ia 4500 | ||
|---|---|---|---|
| 003 | GCL | ||
| 008 | 140319s9999 xx 000 0 ara d | ||
| 040 |
_aGCL / _cGCL |
||
| 082 | 0 | 4 |
_a214.32 _bم ا |
| 245 | 1 | 0 | _aالاسلاميون والمسالة السياسية |
| 250 | _aالاولى | ||
| 260 |
_aسوريا : _bمركز دراسات الوحدة العربية ، _c2003 |
||
| 300 |
_a258 ص ؛ _c24 سم |
||
| 490 |
_aسلسلة كتب المستقبل العربى _v26 |
||
| 650 | 0 | 4 | _aالاسلام والمجتمع |
| 650 | 0 | 4 | _aالشرق الاوسط |
| 650 | 0 | 4 | _aحقوق الانسان |
| 650 | 0 | 4 | _aالديمقراطية |
| 650 | 0 | 4 | _aالاسلام والسياسة |
| 650 | 0 | 4 | _aالعنف - الجوانب الاخلاقية والدينية |
| 942 |
_2ddc _cBK |
||
| 999 |
_c32918 _d32918 |
||